The Cambridge English Course. Practice Book 1 /

Gespeichert in:
Bibliographische Detailangaben
1. Verfasser: Swan, Michael
Weitere Verfasser: Walter, Catherine
Format: Sách giấy
Sprache:English
Veröffentlicht: Cambridge : Cambridge University , 1984
Tags: Tag hinzufügen
Keine Tags, Fügen Sie den ersten Tag hinzu!
Thư viện lưu trữ: Thư viện Trường Đại học Đà Lạt
LEADER 00621nam a2200253 4500
001 DLU020016325
005 ##11/10/2000
020 # # |a 978- 
041 # # |a eng 
082 # # |a 428  |b SW-M 
100 # # |a Swan, Michael 
245 # # |a The Cambridge English Course.  |n Practice Book 1 /  |c Michael Swan, Catherine Walter 
260 # # |a Cambridge :  |b Cambridge University ,  |c 1984 
300 # # |a 128 tr.;   |c 25 cm. 
700 # # |a Walter, Catherine 
992 # # |a 5500 
994 # # |a DLU 
900 # # |a False 
911 # # |a Administrator 
925 # # |a G 
926 # # |a A 
927 # # |a SH 
980 # # |a Thư viện Trường Đại học Đà Lạt